Представление документа в формате MARC21

ПолеНазваниеЗначение
  Тип записи a
  Библиографический уровень m
001 Контрольный номер BIBLIOCLUB\0000564897
005 Дата корректировки 20230117154120.4
006 m o d
007 Элементы данных для физической характеристики c|||||||||||||
008 Кодируемые данные s2019 rus o rus d
020 Индекс ISBN __
a ISBN 978-5-9729-0360-3
041 Код языка издания 0_
a Код языка текста rus
084 Индекс другой классификации/Индекс ББК __
a Индекс другой классификации/Индекс ББК 26.22я73
b Номер единицы LBC/PL
2 Источник индекса rubbk
084 Индекс другой классификации/Индекс ББК __
a Индекс другой классификации/Индекс ББК 26.34я73
b Номер единицы LBC/PL
2 Источник индекса rubbk
100 Автор 1_
a Автор Фоменко А. И.
245 Заглавие 10
a Заглавие Водные и минеральные природные ресурсы
b Продолж. заглавия учебное пособие
c Ответственность А. И. Фоменко
260 Выходные данные __
a Место издания Москва, Вологда
b Издательство Инфра-Инженерия
c Дата издания 2019
300 Физическое описание __
a Объем 197 с.
b Иллюстрации/ тип воспроизводства ил., табл., схем.
504 Библиография __
a Библиография Библиогр.: с. 185 - 187.
653 Ключевые слова 1_
a Ключевые слова Учебник для высшей школы
856 Электронный адрес документа 40
3 Область применения данных поля Университетская библиотека ONLINE
u URL https://biblioclub.ru/index.php?page=book&id=564897
952 Тип литературы __
c Вид литературы учебное пособие